000 01155nam a22003737a 4500
001 0003656
003 KOHA_MİRAKIL
005 20260207001343.0
007 ta
008 090415b2012 tu |||gr||||#0|||0|tur |
020 _a9789750506031
040 _aTR-BiSEU
_btur
_cTR-BiSEU
_erda
041 0 _atur
044 _ctu
050 _aDR477
_b.Z87 2012
100 1 _aZürcher, Erik Jan.
240 1 0 _aTurkey, a modern history
_lTürkçe
245 1 _aModernleşen Türkiye'nin tarihi =
_b Turkey, a modern history/
_cErik Jan Zürcher ; Erik Jan Zürcher; çeviren Yasemin Saner.
250 _a23. ed.
264 1 _aİstanbul :
_bİletişim
_c2012
300 _a568 sayfa; 20 cm.
336 _ametin
_btxt
_2rdacontent
337 _aaracısız
_bn
_2rdamedia
338 _acilt
_bnc
_2rdacarrier
490 1 _aİletişim yayınları ;
_v332.
490 1 _aTarih dizisi ;
_v7.
500 _aDizin var.
650 0 _aTurkey--History--19th century.
_98868
650 0 _aTurkey--History--20th century.
_94434
830 1 _aİletişim yayınları ;
_v332.
_92528
830 1 _aTarih dizisi ;
_v7.
_97565
907 _aTarih
942 _2lcc
_cBK
999 _c3640
_d3640